000 00801nam a2200253 i 4500
003 DO-SdBNP
005 20240302073957.0
006 a||||gr|||| 00| 0
007 ta
008 230815e1989 dr ||||| |||| 00| 0 spa d
040 _aDO-SdBNP
_bspa
_cBNPHU
_erda
082 4 _bR426c
_222
110 _aRepública Dominicana.
_bOficina Nacional de Administración y Personal. Departamento de Adiestramiento
_984002
245 _aCatalogo de cursos para la programación 1989
264 1 _aSanto Domingo :
_bONAP,
_c1989
300 _a79 páginas ;
_c22 cm.
336 _2rdacontent
_atexto
_btxt
337 _2rdamedia
_asin mediación
_bn
338 _2rdacarrier
_avolumen
_bnc
590 _ainventariado 2023 / DG
600 1 0 _aGómez, Máximo,
_d1836-1905
_912249
910 _aDG
942 _2ddc
_cLBS1
999 _c54507
_d54507